MARC

LEADER 00000nam0a2200000 4500
001 34606
005 20231101210239.0
035 |a (RuTPU)RU\TPU\book\35008 
035 |a BOOK00001659 
090 |a 34606 
100 |a 20011210d1975 km y0rusy50 ca 
101 0 |a rus 
102 |a RU 
105 |a a z 001zy 
200 1 |a Трансформаторы для электрической контактной сварки  |f З. А. Рыськова 
205 |a 2-е изд., перераб. и доп. 
210 |a Ленинград  |c Энергия  |d 1975 
215 |a 279 с.  |c ил. 
320 |a Библиогр.: с. 275-276. 
606 1 |a Контактная сварка  |x Электрооборудование  |2 stltpush  |3 (RuTPU)RU\TPU\subj\72802  |9 86196 
606 1 |a Трансформаторы  |2 stltpush  |3 (RuTPU)RU\TPU\subj\61401  |9 78593 
610 1 |a технологические основы 
610 1 |a сварка давлением 
610 1 |a сварочные трансформаторы 
610 1 |a контактная электросварка 
610 1 |a проектирование 
610 1 |a испытания 
610 1 |a эксплуатация 
610 1 |a расчеты 
675 |a 621.791.76.03  |v 3 
675 |a 621.314.21  |v 3 
700 1 |a Рыськова  |b З. А.  |g Зинаида Алексеевна 
801 0 |a RU  |b 63413507  |c 20011210  |g PSBO 
801 2 |a RU  |b 63413507  |c 20210227  |g PSBO 
900 |a Технологические основы сварки давлением 
942 |c BK